000 00584nam a2200217 a 4500
005 20140310183443.0
008 080919s19uu xx 00 eng d
020 _a9780071263504
050 _aHF 5438.25
_b.F868 2009
100 _aFutrell, Charles M.
245 _aABC's of relationship selling through service. /
250 _a10th ed.
260 _aBoston, U.S.A :
_bMcGraw-Hill,
_c2009.
300 _a524 p. :
_bill. ;
_c26 cm.
521 _aBSBA
650 _aBS Entrepreneurship.
650 _aSelling.
942 _cBK
_2lcc
_kFOR
999 _c23195
_d23195